The Book of movie photography the complete guide to better moviemaking

Bibliographic Details
Main Author: CHESHIRE
Format: Book
Language:English
Published: New York Alfred A. Knopf 1979
Subjects:
LEADER 00636cam a2200205 a 4500
001 0000044226
005 19990610090000.0
040 |a mod 
041 |a eng 
020 0 0 |a 0394507878 
090 0 0 |a 778.53  |b CHE  |c f 
100 1 0 |a CHESHIRE  |h David 
245 1 4 |a The Book of movie photography  |b the complete guide to better moviemaking  |c David Cheshire 
260 0 0 |a New York  |b Alfred A. Knopf  |c 1979 
300 0 0 |a 288p.  |b ill.  |c 27cm 
500 0 0 |a Includes bibliographical references and index 
650 0 0 |a Cinematography 
650 0 0 |a Amateur moving  |x Pictures 
852 0 0 |a 01 
999 |a 0045161  |b KEMENTAH  |d BOOKS  |e Rujukan  |f Perpustakaan KEMENTAH  |j AVAILABLE  |q OLD